| 000 | 01649nam0a2200313 4500 | ||
|---|---|---|---|
| 001 | RU\NLR\ONL1\14492 | ||
| 005 | 20260406072421.0 | ||
| 035 | _a(NLR Aleph) 009643233 | ||
| 090 |
_a9554945 _c9554945 |
||
| 100 | _a20090613d2007 |||y0rusy50 ca | ||
| 101 | 0 | _achm | |
| 102 | _aRU | ||
| 105 | _ay ||||||||| | ||
| 200 | 1 |
_aЧалай Васлийын, Миклай Рыбаковын, Алексей Эрыканын лумгечышт _e[метод.-библиогр. темлимаш] _fС. Г. Чавайн лумеш кугыжаныш книга порт, Шанче да методика полка _g[В. В. Пирогова ямдылен] |
|
| 210 |
_aЙошкар-Ола _cНац. б-ка _d2007 |
||
| 215 |
_a46 с. _d20 |
||
| 541 | 1 |
_a[К юбилеям Чалая Васлия, Миклая Рыбакова, Алексея Эрыкана _eметодико-библиогр. материалы] _zrus |
|
| 606 | 0 |
_aМарийская литература _xИстория _91531661 _3RU\NLR\auth\66667007 |
|
| 686 | 1 | _aШ5(2=Мар)7-3 я1 | |
| 686 | 1 |
_aЯ19 _bШ5(2=Мар)7-3 |
|
| 702 | 1 |
_4570 _7ca _8rus _aЧалай _bВ. _cмар. писатель _f1917-1979 _gВасилий _9130196 _3RU\NLR\auth-onl\77136 |
|
| 702 | 1 |
_4570 _7ca _8rus _aРыбаков _bМ. _cмар. писатель _f1932- _gМиклай _9130185 _3RU\NLR\auth-onl\77125 |
|
| 702 | 1 |
_4570 _7ca _8rus _aЭрыкан _bА. _cмар. писатель _f1912-1957 _gАлексей _9130202 _3RU\NLR\auth-onl\77142 |
|
| 702 | 1 |
_aПирогова _bВ. В. _4220 |
|
| 801 | 0 |
_aRU _bNLR _c20090613 _gPSBO |
|
| 852 |
_aNLR _bОНЛ _jМар.л./2-2959 |
||
| 942 | _cBOOK | ||
| 980 | _aNB | ||